[Event "ChessKid Cup Div 3 L"]
[Site "chess.com INT"]
[Date "2023.05.23"]
[Round "2.2"]
[White "Bluebaum, Matthias"]
[Black "Keymer, Vincent"]
[Result "1-0"]
[WhiteTitle "GM"]
[BlackTitle "GM"]
[WhiteElo "2669"]
[BlackElo "2700"]
[WhiteFideId "24651516"]
[BlackFideId "12940690"]
[EventDate "2023.05.22"]
[EventType "k.o."]

1. d4 Nf6 2. Nf3 d5 3. Bf4 e6 4. e3 Bd6 5. Ne5 O-O 6. Nd2 c5 7. c3 Qc7 8. Bd3 b6
9. Qe2 a5 10. h4 Nbd7 11. Ndf3 Ne4 12. Ng5 Nxe5 13. dxe5 Bxe5 14. Nxe4 Bxf4 15.
Ng5 h6 16. exf4 Qxf4 17. Nf3 c4 18. Bc2 e5 19. Qe3 Qxe3+ 20. fxe3 f6 21. O-O-O
Bb7 22. Bf5 Rfd8 23. g4 Kf7 24. Rhf1 b5 25. Nxe5+ 1-0

[Event "ChessKid Cup Div 3 L"]
[Site "chess.com INT"]
[Date "2023.05.23"]
[Round "2.3"]
[White "Bluebaum, Matthias"]
[Black "Keymer, Vincent"]
[Result "1-0"]
[WhiteTitle "GM"]
[BlackTitle "GM"]
[WhiteElo "2669"]
[BlackElo "2700"]
[WhiteFideId "24651516"]
[BlackFideId "12940690"]
[EventDate "2023.05.22"]
[EventType "k.o."]

1. d4 Nf6 2. c4 e6 3. Nc3 Bb4 4. g3 Bxc3+ 5. bxc3 Nc6 6. Bg2 d6 7. Nf3 O-O 8.
Qd3 Rb8 9. Nd2 Qd7 10. Nb3 b6 11. Bg5 Ne8 12. O-O Bb7 13. Rfd1 h6 14. Bf4 Qe7
15. d5 Ne5 16. Bxe5 dxe5 17. Qe3 Nd6 18. Nd2 Rbe8 19. c5 Nf5 20. Qxe5 Qxc5 21.
Nb3 Qd6 22. Qxd6 Nxd6 23. dxe6 Bxg2 24. Kxg2 Rxe6 25. Nd4 Re5 26. a4 a5 27. Rd3
Rfe8 28. e3 Kf8 29. Rb1 Rc5 30. Ra1 g6 31. Nb3 Rc4 32. Nd2 Rc5 33. Rc1 Ne4 34.
Nb3 Rc4 35. Rd4 Rxc3 36. Rxc3 Nxc3 37. Rc4 Nd5 38. e4 Nb4 39. Rxc7 Rxe4 40. Nd2
Re6 41. Rb7 Nd3 42. Nc4 Nc5 43. Rb8+ Kg7 44. Nxb6 Re4 45. Rc8 Nxa4 46. Nc4 Re7
47. Ra8 Nc5 48. Rxa5 Ne4 49. Ne3 Nf6 50. h3 h5 51. Ra6 Rd7 52. Nc4 Re7 53. Ra8
Re6 54. Rd8 Re4 55. Ne3 Re6 56. Kf3 Re7 57. Rd4 Re6 58. Rc4 Re7 59. Rb4 Re6 60.
Ra4 Re7 61. Ra6 Re8 62. Ra7 Re6 63. Rb7 Re8 64. Rb5 Re6 65. Rb1 Re8 66. Rb2 Re6
67. Rb3 Re8 68. Rb6 Re7 69. Rb1 Re6 70. g4 hxg4+ 71. hxg4 Ne4 72. Rd1 Ng5+ 73.
Kg2 Ne4 74. Rd4 Nf6 75. Ra4 Re4 76. Ra7 Nxg4 77. Kf3 Nf6 78. Ra6 Re6 79. Ra7 Nh7
80. Kg3 Nf6 81. Ra4 Ne4+ 82. Kg2 Nf6 83. Ra3 Ne4 84. Ra2 g5 85. Ra8 Nf6 86. Nf5+
Kg6 87. Nd4 Re4 88. Nf3 Rg4+ 89. Kf1 Rf4 90. Ne5+ Kg7 91. Ra7 Ng4 92. Nd3 Rf5
93. Kg2 Ne5 94. Ra5 f6 95. Ra7+ Kg6 96. Nc5 Ng4 97. Ne4 Rf4 98. Re7 f5 99. Re6+
Kg7 100. Nxg5 Rxf2+ 101. Kg3 Ra2 102. Rb6 Ra4 103. Ne6+ Kf6 104. Nf4+ Kf7 105.
Nd5 Rd4 106. Rb7+ Kg6 107. Nf4+ Kf6 108. Rb6+ Kf7 109. Ra6 Nf6 110. Kf3 Ne4 111.
Ne2 Rd2 112. Ke3 Rb2 113. Nd4 Nc5 114. Rc6 Nd7 115. Rd6 Ke7 116. Ra6 f4+ 117.
Kf3 Ne5+ 118. Ke4 Nd7 119. Nf5+ Kf7 120. Nd6+ Ke7 121. Nf5+ Kf7 122. Ra7 Ke6
123. Nd4+ Ke7 124. Nf3 Rb4+ 125. Kf5 Kd6 126. Ra6+ Kd5 127. Ra1 Nc5 128. Rd1+
Kc6 129. Ne5+ Kb5 130. Rd8 f3 131. Nxf3 Ra4 132. Ne5 Ra7 133. Rd1 Rb7 134. Nf3
Rf7+ 135. Kg4 Rg7+ 136. Kf4 Rf7+ 137. Ke3 Re7+ 138. Kf2 Ne4+ 139. Kg2 Rg7+ 140.
Kf1 Rf7 141. Kg2 Rg7+ 142. Kh2 Rh7+ 143. Kg1 Rg7+ 144. Kf1 Rf7 145. Rb1+ Kc4
146. Rc1+ Kd3 147. Kg2 Rg7+ 148. Kh3 Rh7+ 149. Kg4 Rg7+ 150. Kh5 Ke3 151. Ne5
Kf4 152. Ng6+ Kf5 153. Rf1+ Ke6 154. Kh6 Rg8 155. Re1 Kf5 156. Ne7+ 1-0

[Event "ChessKid Cup Div 3 L"]
[Site "chess.com INT"]
[Date "2023.05.23"]
[Round "2.1"]
[White "Yu, Yangyi"]
[Black "Bachmann, Axel"]
[Result "1-0"]
[WhiteTitle "GM"]
[BlackTitle "GM"]
[WhiteElo "2729"]
[BlackElo "2604"]
[WhiteFideId "8603820"]
[BlackFideId "3700488"]
[EventDate "2023.05.22"]
[EventType "k.o."]

1. e4 e5 2. Nf3 Nc6 3. Bc4 Bc5 4. d3 Nf6 5. Bg5 h6 6. Bh4 d6 7. c3 a6 8. a4 Ba7
9. Nbd2 Qe7 10. b4 Be6 11. O-O Bxc4 12. Nxc4 Qe6 13. b5 Ne7 14. Bxf6 Qxf6 15. d4
exd4 16. cxd4 O-O 17. bxa6 bxa6 18. Ne3 Qe6 19. Qc2 c6 20. Rfe1 Rfe8 21. Rab1
Rab8 22. Qd3 Rxb1 23. Rxb1 Ng6 24. Rb7 Bb8 25. Qxa6 d5 26. exd5 cxd5 27. Qxe6
fxe6 28. a5 Bd6 29. a6 Ra8 30. Rb6 1-0

[Event "ChessKid Cup Div 3 L"]
[Site "chess.com INT"]
[Date "2023.05.23"]
[Round "2.2"]
[White "Bachmann, Axel"]
[Black "Yu, Yangyi"]
[Result "0-1"]
[WhiteTitle "GM"]
[BlackTitle "GM"]
[WhiteElo "2604"]
[BlackElo "2729"]
[WhiteFideId "3700488"]
[BlackFideId "8603820"]
[EventDate "2023.05.22"]
[EventType "k.o."]

1. e4 e5 2. Bc4 Nf6 3. d3 c6 4. Nf3 d5 5. Bb3 Bb4+ 6. Bd2 Bd6 7. Nc3 Be6 8. Bg5
Qa5 9. Bxf6 gxf6 10. O-O Nd7 11. d4 Bb4 12. exd5 cxd5 13. dxe5 Bxc3 14. bxc3
fxe5 15. Ng5 O-O-O 16. c4 d4 17. c5 h6 18. Nxe6 fxe6 19. c6 Nc5 20. cxb7+ Kb8
21. Qh5 Qc7 22. f3 Rdg8 23. Rae1 Rg5 24. Qh4 Rhg8 25. Re2 Qg7 26. Rff2 Qf6 27.
Kh1 Qg6 28. f4 Qh5 29. Qxh5 Rxh5 30. fxe5 Rgg5 31. Rd2 Rxe5 32. g4 Rhg5 33. Rxd4
Kxb7 34. h3 h5 35. Kh2 hxg4 36. Rxg4 Rh5 37. Bc4 Re3 38. Bf1 Ra3 39. Rb4+ Kc7
40. c4 Nd3 41. Rf7+ Kd6 42. Rbb7 Rxa2+ 43. Kg3 Nc5 44. Rxa7 Rb2 45. Kg4 Rh8 46.
Ra3 Rg8+ 47. Kh5 Rg1 48. h4 Rb8 49. Kh6 Rh8+ 50. Rh7 Rxh7+ 51. Kxh7 Rxf1 52. Rh3
Rg1 53. h5 Ne4 54. Kh8 Nf6 55. c5+ Kc6 0-1

[Event "ChessKid Cup Div 3 L"]
[Site "chess.com INT"]
[Date "2023.05.23"]
[Round "2.1"]
[White "Harshavardhan, G B"]
[Black "Donchenko, Alexander"]
[Result "0-1"]
[WhiteTitle "IM"]
[BlackTitle "GM"]
[WhiteElo "2408"]
[BlackElo "2669"]
[WhiteFideId "25059009"]
[BlackFideId "24603295"]
[EventDate "2023.05.22"]
[EventType "k.o."]

1. d4 d5 2. c4 c6 3. Nf3 Nf6 4. Nc3 dxc4 5. a4 e6 6. e3 c5 7. Bxc4 cxd4 8. exd4
Nc6 9. O-O Be7 10. Qe2 O-O 11. Rd1 Nb4 12. a5 Bd7 13. Ne5 Rc8 14. Bg5 h6 15. Bh4
Nfd5 16. Bxe7 Qxe7 17. Nxd5 exd5 18. Nxd7 Qxd7 19. Bb5 Qd6 20. Rac1 a6 21. Ba4
Nc6 22. Qd2 Ne7 23. h3 Rxc1 24. Rxc1 Rc8 25. Rxc8+ Nxc8 26. Qc3 Ne7 27. g3 g6
28. h4 Kg7 29. Bd1 Nc6 30. Bf3 Kf6 31. h5 g5 32. Kg2 Ke6 33. Bg4+ f5 34. Bd1 Qb4
35. Qe3+ Kf7 36. Qf3 Ne7 37. Bc2 Qxd4 38. Bxf5 Qf6 39. g4 Nxf5 40. Qxd5+ Qe6 41.
Qf3 Qc6 42. Qxc6 Nh4+ 43. Kg3 bxc6 44. f4 Kf6 45. b4 Nf5+ 46. Kf3 Nd4+ 47. Ke4
Nc2 48. fxg5+ Kxg5 49. Kd3 Nxb4+ 50. Kc4 Nc2 51. Kc5 Kxg4 52. Kxc6 Kxh5 53. Kb6
Na1 54. Kxa6 Nb3 55. Kb5 Nxa5 56. Kxa5 Kg4 57. Kb4 h5 58. Kc3 h4 59. Kd2 h3 60.
Ke1 h2 61. Kf2 h1=Q 0-1

[Event "ChessKid Cup Div 3 L"]
[Site "chess.com INT"]
[Date "2023.05.23"]
[Round "2.2"]
[White "Donchenko, Alexander"]
[Black "Harshavardhan, G B"]
[Result "1/2-1/2"]
[WhiteTitle "GM"]
[BlackTitle "IM"]
[WhiteElo "2669"]
[BlackElo "2408"]
[WhiteFideId "24603295"]
[BlackFideId "25059009"]
[EventDate "2023.05.22"]
[EventType "k.o."]

1. d4 Nf6 2. Nf3 e6 3. c4 c5 4. e3 b6 5. d5 exd5 6. cxd5 g6 7. Nc3 a6 8. a4 d6
9. Be2 Bg7 10. O-O O-O 11. Nd2 Nbd7 12. Nc4 Qe7 13. Re1 Rb8 14. e4 Ne8 15. Be3
Nc7 16. Qd2 Ne5 17. Nxe5 Bxe5 18. Bg5 Bf6 19. h4 Bxg5 20. Qxg5 Re8 21. f4 b5 22.
Qxe7 Rxe7 23. e5 Rd7 24. axb5 axb5 25. Ne4 Rd8 26. Rad1 Ne8 27. g4 dxe5 28. fxe5
Bb7 29. Bxb5 Bxd5 30. Bxe8 Bxe4 31. Rxd8 Rxd8 32. Bxf7+ Kxf7 33. Rxe4 Ke6 34.
Rc4 Kd5 35. Rc2 Re8 36. Rd2+ Ke4 37. Rd7 h5 38. gxh5 gxh5 39. b4 c4 40. Rc7 Kd3
41. Rc5 c3 42. b5 c2 43. b6 Rb8 44. Kf2 Rxb6 45. Kf3 Rb4 46. e6 Rb6 47. e7 Re6
48. Rc7 Re1 49. Rd7+ Kc3 50. Rc7+ Kb2 51. Rb7+ Kc1 52. Kf4 Re2 53. Kg5 Kd1 54.
Rd7+ Ke1 55. Rc7 Kd2 56. Rd7+ Kc3 57. Rc7+ Kb3 58. Rb7+ Kc3 59. Rc7+ Kd2 60.
Rd7+ Ke1 61. Rc7 Kd1 62. Rd7+ Kc1 63. Kxh5 Re4 64. Rc7 Kd2 65. Kg6 Rxe7 66.
Rxc2+ Kxc2 67. h5 Kd3 68. h6 Ke4 69. h7 Re8 70. Kg7 Kf5 71. h8=Q Rxh8 72. Kxh8 1/2-1/2

[Event "ChessKid Cup Div 3 L"]
[Site "chess.com INT"]
[Date "2023.05.23"]
[Round "2.1"]
[White "Gledura, Benjamin"]
[Black "Santos Ruiz, Miguel"]
[Result "1/2-1/2"]
[WhiteTitle "GM"]
[BlackTitle "GM"]
[WhiteElo "2644"]
[BlackElo "2590"]
[WhiteFideId "712779"]
[BlackFideId "22291482"]
[EventDate "2023.05.22"]
[EventType "k.o."]

1. c4 e6 2. Nc3 d5 3. d4 Nf6 4. cxd5 exd5 5. Bf4 Bd6 6. Bxd6 Qxd6 7. e3 O-O 8.
Bd3 Bg4 9. Qb3 Nbd7 10. Nge2 c5 11. Qa3 Rfc8 12. O-O Qf8 13. f3 Be6 14. Nf4 a6
15. dxc5 Nxc5 16. Nce2 Bd7 17. Nd4 Re8 18. Rac1 Rac8 19. Bb1 Ne6 20. Qxf8+ Kxf8
21. Kf2 Nxf4 22. exf4 h5 23. Rcd1 Rc4 24. Rd2 Rec8 25. Rfd1 Rc1 26. Bc2 Rxd1 27.
Rxd1 Ke7 28. Bb3 Kd6 29. g3 a5 30. a3 Rc5 31. Ke3 Ng8 32. Ne2 Ne7 33. Nc3 f5 34.
g4 hxg4 35. fxg4 Be6 36. Bc2 Nc6 37. Bxf5 d4+ 38. Ke4 Bb3 39. Rd2 Ke7 40. Ne2
Bd5+ 41. Kd3 Bc4+ 42. Ke4 Bd5+ 43. Kd3 Bc4+ 44. Ke4 Bd5+ 1/2-1/2

[Event "ChessKid Cup Div 3 L"]
[Site "chess.com INT"]
[Date "2023.05.23"]
[Round "2.2"]
[White "Santos Ruiz, Miguel"]
[Black "Gledura, Benjamin"]
[Result "1/2-1/2"]
[WhiteTitle "GM"]
[BlackTitle "GM"]
[WhiteElo "2590"]
[BlackElo "2644"]
[WhiteFideId "22291482"]
[BlackFideId "712779"]
[EventDate "2023.05.22"]
[EventType "k.o."]

1. e4 d6 2. d4 g6 3. Be3 Bg7 4. f3 Nf6 5. Qd2 O-O 6. Na3 c5 7. Ne2 cxd4 8. Nxd4
Nc6 9. O-O-O d5 10. exd5 Nxd4 11. Bxd4 Qxd5 12. Bc4 Qc6 13. Rhe1 e6 14. Qf4 Nh5
15. Qe3 a6 16. g4 Nf6 17. Qf4 Ne8 18. Bd3 Qc7 19. Qxc7 Nxc7 20. Bc5 Re8 21. Nc4
Bf8 22. Bxf8 Kxf8 23. Nb6 Rb8 24. g5 Nd5 25. Nxd5 exd5 26. Kd2 Be6 27. f4 Ke7
28. Re5 Kd6 29. Rde1 h6 30. gxh6 Rh8 31. Bxg6 Rxh6 32. f5 Rxh2+ 33. Kc1 Rc8 34.
c3 Rf2 35. fxe6 fxg6 36. e7 Re8 37. Re6+ Kd7 38. Rb6 Kc7 39. Rxg6 Rf7 40. Re5
Rexe7 41. Rxd5 Rf2 42. Rd2 Ree2 43. Rgd6 Rxd2 44. Rxd2 Rf5 45. Kc2 Rf6 46. Re2
Kc6 47. Re5 Rh6 48. a4 Rf6 49. a5 Rh6 50. b4 Rh4 51. Kb3 Rg4 52. Rc5+ Kd6 53.
Rc4 Rg5 54. Rc8 Rg4 55. Rc4 Rg5 56. Rf4 Rg6 57. Ka4 Rg1 58. Rf7 Kc6 59. Rf6+ Kc7
60. Kb3 Rg4 61. Rf3 Rh4 62. c4 Rg4 63. Kc3 Rh4 64. Kd3 Rg4 65. Rf7+ Kc6 66. Re7
Rg1 67. Re6+ Kd7 68. Rh6 Rg4 69. Rh7+ Kc6 70. Rh6+ Kc7 71. Re6 Rh4 72. Re4 Rh6
73. Rg4 Rd6+ 74. Kc3 Rh6 75. b5 axb5 76. cxb5 Rh1 77. Rg7+ Kc8 78. Kb4 Rh5 79.
Kc4 Rf5 80. Rh7 Rg5 81. Kb4 Rf5 82. b6 Rf8 83. Kc5 Rd8 84. Rg7 Kb8 85. Rg6 Rc8+
86. Kd5 Rd8+ 87. Rd6 Rxd6+ 88. Kxd6 Ka8 89. a6 Kb8 90. a7+ Ka8 91. Ke5 1/2-1/2

[Event "ChessKid Cup Div 3 L"]
[Site "chess.com INT"]
[Date "2023.05.23"]
[Round "2.3"]
[White "Gledura, Benjamin"]
[Black "Santos Ruiz, Miguel"]
[Result "0-1"]
[WhiteTitle "GM"]
[BlackTitle "GM"]
[WhiteElo "2644"]
[BlackElo "2590"]
[WhiteFideId "712779"]
[BlackFideId "22291482"]
[EventDate "2023.05.22"]
[EventType "k.o."]

1. c4 e6 2. g3 d5 3. Bg2 Nf6 4. Nf3 Be7 5. b3 O-O 6. Bb2 c5 7. cxd5 exd5 8. d4
Nc6 9. O-O Be6 10. Nc3 h6 11. dxc5 Bxc5 12. Rc1 Be7 13. e3 Rc8 14. Ne2 Qa5 15.
a3 Qb6 16. Nf4 Rfd8 17. Nxe6 fxe6 18. Bh3 Kf7 19. b4 a5 20. Bd4 Qb5 21. a4 Qxb4
22. Rb1 Qd6 23. Rxb7 Rb8 24. Rb5 e5 25. Bb6 Re8 26. e4 Nb4 27. Bc5 Qc7 28. Bxb4
Bxb4 29. Rxb8 Rxb8 30. exd5 g6 31. Be6+ Kg7 32. Qe2 Bd6 33. Re1 e4 34. Nd4 Bc5
35. Rc1 Qb6 36. Nb5 Rd8 37. Qc2 Bb4 38. Qb3 e3 39. Rc7+ Qxc7 40. Qxe3 Qc2 41.
Qa7+ Kh8 42. h4 Bc5 0-1

[Event "ChessKid Cup Div 3 L"]
[Site "chess.com INT"]
[Date "2023.05.23"]
[Round "2.1"]
[White "Tari, Aryan"]
[Black "Raja, Harshit"]
[Result "0-1"]
[WhiteTitle "GM"]
[BlackTitle "GM"]
[WhiteElo "2642"]
[BlackElo "2515"]
[WhiteFideId "1510045"]
[BlackFideId "5089000"]
[EventDate "2023.05.22"]
[EventType "k.o."]

1. c4 Nf6 2. Nc3 e5 3. Nf3 Nc6 4. e3 g6 5. d4 exd4 6. exd4 d5 7. Bg5 Be7 8. Bxf6
Bxf6 9. cxd5 Ne7 10. Bb5+ Kf8 11. Qb3 Kg7 12. O-O Nf5 13. Rad1 a6 14. Bd3 Re8
15. Bb1 Nd6 16. h3 b5 17. Rfe1 Rxe1+ 18. Rxe1 Nf5 19. Bxf5 Bxf5 20. Ne5 h5 21.
Ne4 Bxe4 22. Rxe4 Qd6 23. Nc6 h4 24. a3 Rh8 25. Ne5 Rd8 26. Qc3 Qxd5 27. Qxc7
Re8 28. f3 Re7 29. Qc3 Re6 30. Qe3 Rd6 31. Qf4 Bd8 32. Ng4 Bg5 33. Qe5+ Qxe5 34.
dxe5 Rd1+ 35. Kh2 Bc1 36. f4 Bxb2 37. e6 fxe6 38. Rxe6 Bc1 39. Re7+ Kf8 40. Re4
Rf1 41. g3 Rf3 42. gxh4 Rxa3 43. Ne5 Ra4 44. Nxg6+ Kg7 45. Re6 b4 46. f5 b3 47.
Rb6 b2 48. f6+ Kxg6 49. h5+ Kf7 50. h6 Rh4 0-1

[Event "ChessKid Cup Div 3 L"]
[Site "chess.com INT"]
[Date "2023.05.23"]
[Round "2.2"]
[White "Raja, Harshit"]
[Black "Tari, Aryan"]
[Result "1/2-1/2"]
[WhiteTitle "GM"]
[BlackTitle "GM"]
[WhiteElo "2515"]
[BlackElo "2642"]
[WhiteFideId "5089000"]
[BlackFideId "1510045"]
[EventDate "2023.05.22"]
[EventType "k.o."]

1. e4 c6 2. Nf3 d5 3. Nc3 Qa5 4. d3 Bg4 5. Bd2 Bxf3 6. Qxf3 d4 7. Nd1 Qc7 8. Qg3
e5 9. Be2 Ne7 10. c3 dxc3 11. Nxc3 Ng6 12. Rc1 Nd7 13. d4 Qd8 14. dxe5 Ndxe5 15.
Rd1 Be7 16. O-O Qb6 17. Be3 Qxb2 18. Bd4 Bh4 19. Qh3 Rd8 20. Bxe5 Nxe5 21. Qxh4
Rxd1 22. Rxd1 O-O 1/2-1/2

[Event "ChessKid Cup Div 3 L"]
[Site "chess.com INT"]
[Date "2023.05.23"]
[Round "2.1"]
[White "Chigaev, Maksim"]
[Black "Navara, David"]
[Result "1/2-1/2"]
[WhiteTitle "GM"]
[BlackTitle "GM"]
[WhiteElo "2628"]
[BlackElo "2678"]
[WhiteFideId "4108116"]
[BlackFideId "309095"]
[EventDate "2023.05.22"]
[EventType "k.o."]

1. c4 e5 2. Nc3 Nf6 3. Nf3 Nc6 4. a3 d5 5. cxd5 Nxd5 6. Qc2 Be7 7. e3 O-O 8. Be2
Be6 9. O-O f5 10. d3 Kh8 11. Nxd5 Qxd5 12. b4 a5 13. e4 Qb3 14. Qxb3 Bxb3 15. b5
fxe4 16. dxe4 Nd4 17. Nxd4 exd4 18. Bb2 Bc5 19. Bd3 a4 20. Rac1 Bb6 21. f4 Rac8
22. f5 c5 23. bxc6 bxc6 24. Kf2 c5 25. Bc4 Rfe8 26. Kf3 Ba5 27. Bxb3 axb3 28.
Rc4 Kg8 29. Rfc1 Bd2 30. Rd1 Ba5 31. g4 Red8 32. e5 Bc3 33. Rb1 Bxb2 34. Rxb2 d3
35. Ke3 Rd5 36. e6 Rcd8 37. Kd2 Re5 38. Rxb3 Re2+ 39. Kd1 Rxh2 40. e7 Rh1+ 41.
Kd2 Rh2+ 42. Kd1 Rh1+ 43. Kd2 Rh2+ 44. Kd1 1/2-1/2

[Event "ChessKid Cup Div 3 L"]
[Site "chess.com INT"]
[Date "2023.05.23"]
[Round "2.2"]
[White "Navara, David"]
[Black "Chigaev, Maksim"]
[Result "1-0"]
[WhiteTitle "GM"]
[BlackTitle "GM"]
[WhiteElo "2678"]
[BlackElo "2628"]
[WhiteFideId "309095"]
[BlackFideId "4108116"]
[EventDate "2023.05.22"]
[EventType "k.o."]

1. e4 e6 2. d4 d5 3. Nc3 Nf6 4. e5 Nfd7 5. f4 c5 6. Nf3 Nc6 7. Be3 Qb6 8. Na4
Qa5+ 9. c3 b6 10. Bd2 c4 11. b4 Nxb4 12. cxb4 Bxb4 13. Qc2 Bxd2+ 14. Nxd2 b5 15.
Nc3 b4 16. Nd1 O-O 17. Be2 Nb8 18. Nxc4 dxc4 19. Bf3 Qb6 20. Bxa8 Qxd4 21. Rc1
Qxf4 22. Qxc4 Qxe5+ 23. Qe4 Qb5 24. Qc4 Qe5+ 25. Qe4 Qb5 26. Ne3 Ba6 27. Nc4 h6
28. O-O Nd7 29. Bc6 Qc5+ 30. Ne3 Qe7 31. Rfd1 Nf6 32. Qe5 Rc8 33. Nf5 Qc7 34.
Qxc7 Rxc7 35. Nd6 Be2 36. Re1 Bh5 37. Bb5 Re7 38. Rc8+ Kh7 39. Rec1 Nd5 40. R1c5
Bg6 41. Re8 Rc7 42. Rxc7 Nxc7 43. Re7 Nxb5 44. Nxb5 a5 45. Ra7 1-0

[Event "ChessKid Cup Div 3 L"]
[Site "chess.com INT"]
[Date "2023.05.23"]
[Round "3.1"]
[White "Bok, Benjamin"]
[Black "Kamsky, Gata"]
[Result "1/2-1/2"]
[WhiteTitle "GM"]
[BlackTitle "GM"]
[WhiteElo "2607"]
[BlackElo "2665"]
[WhiteFideId "1017063"]
[BlackFideId "2000024"]
[EventDate "2023.05.22"]
[EventType "k.o."]

1. c4 e5 2. g3 Nc6 3. Bg2 Nf6 4. Nc3 Bb4 5. Nd5 O-O 6. Nf3 Re8 7. Nxb4 Nxb4 8.
O-O e4 9. Nd4 d5 10. Nc2 a5 11. Nxb4 axb4 12. d3 Bg4 13. dxe4 dxe4 14. Qc2 b3
15. Qxb3 Bxe2 16. Re1 Qd3 17. Bf4 Qxc4 18. Qxb7 Reb8 19. Qxc7 Qxc7 20. Bxc7 Rxb2
21. Be5 Rbxa2 22. Rxa2 Rxa2 23. Bxf6 gxf6 24. Bxe4 Rd2 1/2-1/2

[Event "ChessKid Cup Div 3 L"]
[Site "chess.com INT"]
[Date "2023.05.23"]
[Round "3.2"]
[White "Kamsky, Gata"]
[Black "Bok, Benjamin"]
[Result "1-0"]
[WhiteTitle "GM"]
[BlackTitle "GM"]
[WhiteElo "2665"]
[BlackElo "2607"]
[WhiteFideId "2000024"]
[BlackFideId "1017063"]
[EventDate "2023.05.22"]
[EventType "k.o."]

1. e4 e5 2. Nf3 Nc6 3. Bb5 Nf6 4. O-O Nxe4 5. d4 Nd6 6. Bxc6 dxc6 7. dxe5 Nf5 8.
Qxd8+ Kxd8 9. Rd1+ Ke8 10. Nc3 Be7 11. Bf4 Nh4 12. Nd4 Nf5 13. Nce2 a6 14. h3
Nxd4 15. Nxd4 c5 16. Ne2 Bf5 17. c4 b5 18. Nc3 c6 19. b3 h5 20. Be3 Rd8 21. Rac1
g5 22. f3 Bd3 23. Kf2 Rg8 24. Ne2 bxc4 25. bxc4 Rg6 26. Ng3 h4 27. Nh5 Rh6 28.
Nf6+ Bxf6 29. exf6 Rg6 30. Re1 Kd7 31. Bxc5 Kc8 32. Be7 Rd7 33. Red1 Rg8 34. Rc3
Bf5 35. Rxd7 Kxd7 36. Rb3 Ra8 37. Ke3 Rc8 38. Kd4 Ke6 39. Re3+ Kd7 40. Rb3 Ke6
41. Kc5 Bg6 42. Re3+ Kf5 43. Re2 Kf4 44. a4 a5 45. Bd6+ Kf5 46. Kb6 Kxf6 47. c5
Bd3 48. Rd2 Bc4 49. Kxa5 Ra8+ 50. Kb4 Bf1 51. f4 gxf4 52. Rf2 Bd3 53. Rxf4+ Ke6
54. Rxh4 f5 55. Rh6+ Kf7 56. g3 Be4 57. h4 Kg7 58. Re6 Kf7 59. Re7+ Kf6 60. Rb7
Ke6 61. a5 Kd5 62. Bf4 Kd4 63. h5 Bd3 64. Rd7+ Ke4 65. h6 Bb5 66. h7 Rh8 67. Bc1
Rb8 68. Ka3 Bc4 69. Bb2 Rb3+ 70. Ka4 Rxb2 71. h8=Q Bb5+ 72. Ka3 Re2 73. Qd4+ Kf3
74. Qf4+ Kg2 75. Rd2 1-0

[Event "ChessKid Cup Div 3 L"]
[Site "chess.com INT"]
[Date "2023.05.23"]
[Round "3.1"]
[White "Bluebaum, Matthias"]
[Black "Yu, Yangyi"]
[Result "1/2-1/2"]
[WhiteTitle "GM"]
[BlackTitle "GM"]
[WhiteElo "2669"]
[BlackElo "2729"]
[WhiteFideId "24651516"]
[BlackFideId "8603820"]
[EventDate "2023.05.22"]
[EventType "k.o."]

1. d4 Nf6 2. c4 e6 3. Nc3 Bb4 4. e3 O-O 5. Bd2 d5 6. Nf3 Nbd7 7. Rc1 c6 8. Bd3
Re8 9. O-O h6 10. a3 Bd6 11. e4 dxe4 12. Nxe4 Nxe4 13. Bxe4 e5 14. Bc3 exd4 15.
Qxd4 Nf6 16. Bc2 Bg4 17. Qd3 Bf4 18. Qxd8 Raxd8 19. Rce1 Bxf3 20. gxf3 Nd7 21.
Rxe8+ Rxe8 22. Rd1 Ne5 23. Kg2 Kf8 24. Bb4+ Kg8 25. Bc3 Kf8 26. Bb4+ Kg8 27. Bc3 1/2-1/2

[Event "ChessKid Cup Div 3 L"]
[Site "chess.com INT"]
[Date "2023.05.23"]
[Round "3.2"]
[White "Yu, Yangyi"]
[Black "Bluebaum, Matthias"]
[Result "1-0"]
[WhiteTitle "GM"]
[BlackTitle "GM"]
[WhiteElo "2729"]
[BlackElo "2669"]
[WhiteFideId "8603820"]
[BlackFideId "24651516"]
[EventDate "2023.05.22"]
[EventType "k.o."]

1. d4 d5 2. c4 e6 3. Nc3 Bb4 4. cxd5 exd5 5. Bf4 c5 6. e3 c4 7. Ne2 Nc6 8. a3
Ba5 9. b4 cxb3 10. Qxb3 Be6 11. Rc1 Nf6 12. Bg5 h6 13. Bxf6 Qxf6 14. Ng3 h5 15.
Be2 g6 16. O-O Bxc3 17. Qxb7 O-O 18. Rxc3 Rab8 19. Qa6 Rb6 20. Qa4 Bd7 21. Bf3
h4 22. Ne2 h3 23. Nf4 hxg2 24. Bxg2 Qg5 25. Rc5 Ne5 26. Qxa7 Nf3+ 27. Kh1 Bb5
28. Qxb6 Bxf1 29. Bxf3 1-0

[Event "ChessKid Cup Div 3 L"]
[Site "chess.com INT"]
[Date "2023.05.23"]
[Round "3.1"]
[White "Donchenko, Alexander"]
[Black "Santos Ruiz, Miguel"]
[Result "1-0"]
[WhiteTitle "GM"]
[BlackTitle "GM"]
[WhiteElo "2669"]
[BlackElo "2590"]
[WhiteFideId "24603295"]
[BlackFideId "22291482"]
[EventDate "2023.05.22"]
[EventType "k.o."]

1. c4 e6 2. Nc3 d5 3. d4 Nf6 4. cxd5 exd5 5. Bg5 c6 6. e3 h6 7. Bh4 Be7 8. Bd3
O-O 9. Nge2 Re8 10. O-O Nbd7 11. Qc2 a6 12. Bg3 b5 13. Rad1 Bb7 14. h3 Qb6 15.
Rfe1 c5 16. dxc5 Nxc5 17. Be5 Nfe4 18. Nf4 Nxc3 19. Bxc3 Red8 20. Bf5 g6 21. Bd4
Qd6 22. Bxg6 fxg6 23. Bxc5 1-0

[Event "ChessKid Cup Div 3 L"]
[Site "chess.com INT"]
[Date "2023.05.23"]
[Round "3.2"]
[White "Santos Ruiz, Miguel"]
[Black "Donchenko, Alexander"]
[Result "1/2-1/2"]
[WhiteTitle "GM"]
[BlackTitle "GM"]
[WhiteElo "2590"]
[BlackElo "2669"]
[WhiteFideId "22291482"]
[BlackFideId "24603295"]
[EventDate "2023.05.22"]
[EventType "k.o."]

1. e4 c5 2. Nf3 d6 3. Nc3 Nf6 4. e5 dxe5 5. Nxe5 a6 6. Qe2 Nbd7 7. Nc4 e6 8. a4
b6 9. Qf3 Rb8 10. Qg3 Bb7 11. d3 Rc8 12. Be2 Be7 13. Nd6+ Bxd6 14. Qxd6 Nb8 15.
Qg3 Nc6 16. Bf3 O-O 17. Bg5 Kh8 18. O-O-O h6 19. Qh4 Qd4 20. Be4 Ng8 21. g4 f5
22. Be3 Qd7 23. gxf5 exf5 24. Bf3 Ne5 25. Bxb7 Qxb7 26. f4 Ng4 27. Bd2 b5 28. h3
N4f6 29. Rhe1 b4 30. Ne2 b3 31. c4 Qd7 32. Bc3 Qxa4 33. Rg1 Rcd8 34. Ng3 Rxd3
35. Rxd3 Qa1+ 36. Kd2 Qxg1 37. Bxf6 1/2-1/2

[Event "ChessKid Cup Div 3 L"]
[Site "chess.com INT"]
[Date "2023.05.23"]
[Round "3.1"]
[White "Raja, Harshit"]
[Black "Navara, David"]
[Result "1/2-1/2"]
[WhiteTitle "GM"]
[BlackTitle "GM"]
[WhiteElo "2515"]
[BlackElo "2678"]
[WhiteFideId "5089000"]
[BlackFideId "309095"]
[EventDate "2023.05.22"]
[EventType "k.o."]

1. e4 e5 2. Nf3 Nc6 3. Bb5 Nf6 4. O-O Nxe4 5. Re1 Nd6 6. Nxe5 Be7 7. Bf1 Nxe5 8.
Rxe5 O-O 9. Nc3 Bf6 10. Re1 Re8 11. Nd5 Rxe1 12. Qxe1 b6 13. Nxf6+ Qxf6 14. f3
Bb7 15. Qf2 h5 16. d4 h4 17. h3 Re8 18. Bd2 Nf5 19. c3 Ng3 20. Bd3 Kf8 21. Re1
Rxe1+ 22. Qxe1 Bd5 23. b3 Bxf3 24. gxf3 Qxf3 25. Bf1 Qh1+ 26. Kf2 Ne4+ 27. Ke2
Ng3+ 28. Kf2 Ne4+ 29. Ke2 Ng3+ 30. Kf2 1/2-1/2